| 000 | 00646nam a22002057a 4500 | ||
|---|---|---|---|
| 999 |
_c5059 _d5059 |
||
| 003 | AR-CdUCM | ||
| 008 | 190311b ||||| |||| 00| 0 spa d | ||
| 020 | _a84-7232-314-5 | ||
| 040 |
_aMUNICIPALIDAD PROVINCIAL DEL CUSCO _cBIBLIOTECA MUNICIPAL DEL CUSCO |
||
| 082 |
_a980 / _bIB25 |
||
| 110 |
_aInstituto de Cooperación Iberoamericana _94266 |
||
| 245 |
_aIberoamérica : _bEncuentro en la Democracia / |
||
| 260 |
_aMadrid : _bEdiciones Cultura Hispánica ; _c1983. |
||
| 300 |
_a516 páginas ; _c22cm |
||
| 650 |
_aDemocracia _92598 |
||
| 650 |
_aCooperación _97400 |
||
| 650 |
_aDesarrollo _92021 |
||
| 942 |
_2ddc _cLIBROS |
||
| 945 | _anom | ||